Statistics for Countries Closest to Nepal - 30 Second Sprint

Click here to take the quiz!

General Stats

  • This quiz has been taken 78 times
  • The average score is 10 of 20

Answer Stats

kmcountrymiles% Correct
0China0
98%
0India0
98%
63Bhutan39
91%
22Bangladesh14
82%
556Pakistan345
80%
590Myanmar366
67%
957Afghanistan595
58%
1258Thailand782
51%
1396Laos867
47%
1814Mongolia1127
47%
2060Cambodia1280
40%
1955Sri Lanka1215
38%
1493Vietnam927
33%
2130Russia1324
29%
965Tajikistan599
29%
1770Iran1100
27%
1318Kazakhstan819
25%
1466Uzbekistan911
24%
1197Kyrgyzstan744
18%
1573Turkmenistan978
15%

Score Distribution

Percentile by Number Answered

Percent of People with Each Score

Your Score History

You have not taken this quiz